• 首页
  • 本馆介绍
  • 公告通知
  • 最新文献
  • 馆藏检索
  • 电子资源
  • 读者导购
  • 参考咨询
  • 我的图书馆
  • 登录
  • 详细信息显示
  • 放入我的书架
  • 预约/预借图书
  • 作者相关作品
  • 分类相关作品
  • 丛书相关作品
  • 出版社相关作品

书目信息

  • 表格格式
  • 工作单格式
  • 卡片格式
题名:
无机化学
    
 
作者: Г·吉里别尔格 著 ;李广平 黄蔚青 译
分册:  
出版信息: 北京   人民卫生出版社  1956
页数: 293页
开本: 20cm
丛书名:
单 册:
中图分类: O61
科图分类:
主题词: 无机化学
电子资源:
ISBN:
000 00745nam0 2200229 450
001 0662384453
005 20060816112845.37
010    @dCNY1.20
100    @a20060718d1956 km y0chiy0120 ea
101 0  @achi@crus
102    @aCN@b110000
102    @aCN@b110000
200 1  @a无机化学@Awu ji hua xue@f(苏)Г·吉里别尔格著@F(su)Г·ji li bie er ge zhu@g李广平 黄蔚青等译@Gli guang ping huang wei qing deng yi
210    @a北京@c人民卫生出版社@d1956
215    @a293页@d20cm
300    @a苏联药剂士、卫生医生、检验员学校教学用书
606 0  @a无机化学
690    @aO61@v3
701  0 @aГ·吉里别尔格@AГ·ji li bie er ge@4著
702  0 @a李广平 黄蔚青@Ali guang ping huang wei qing@4译
801  0 @aCN@bPFT@c20060816
905    @a10447@dO61@e105
    
    无机化学/(苏)Г·吉里别尔格著/李广平 黄蔚青等译.-北京:人民卫生出版社,1956
    293页;20cm
    苏联药剂士、卫生医生、检验员学校教学用书
    
    ISBN :CNY1.20
    
●
相关链接 在E读中查询图书 在五车中查询图书 在当当中查询图书 在豆瓣中查询图书


正题名:无机化学     索取号:O61/105         预约/预借

序号 登录号 条形码 馆藏地/架位号 状态 备注
1 0461875   204618752   密集书库/ [索取号:O61/105] 在馆    
唐山师范学院图书馆 欢迎您!
大连网信软件有限公司© 版权所有